Detalles MARC
| 000 -LÍDER |
| Campo fijo de descripción fija |
01148aam a2200337 4500 |
| 001 - NÚMERO DE CONTROL |
| Campo de control |
20259 |
| 003 - IDENTIFICADOR DEL NÚMERO DE CONTROL |
| Campo de control |
CO-MdFUSB |
| 005 - FECHA Y HORA DE LA ULTIMA TRANSACCIÓN |
| control field |
20171101092718.0 |
| 008 - ELEMENTOS DE LONGITUD FIJA -- INFORMACIÓN GENERAL |
| Campo fijo de descripción fija -- Información general |
170602t1983 xxu||||f |||| 00| 0 eng d |
| 020 ## - NÚMERO INTERNACIONAL NORMALIZADO PARA LIBROS |
| Número Internacional Normalizado del libro |
0-8091-2495-5 |
| 040 ## - FUENTE DE CATALOGACIÓN |
| Agencia de catalogación original |
CO-MdFUSB |
| Idioma de catalogación |
spa |
| Agencia que realiza la transcripción |
CO-MdFUSB |
| Agencia que realiza la modificación |
CO-MdFUSB |
| Convenciones de la descripción |
rda |
| 041 ## - CÓDIGO DE IDIOMA |
| Código de idioma para texto/pista de sonido o título separado |
eng |
| 082 ## - NÚMERO DE CLASIFICACIÓN DECIMAL DEWEY |
| Número de la edición del Dewey |
24 |
| Número de clasificación |
G 225.12 |
| 100 1# - ASIENTO PRINCIPAL--NOMBRE PERSONAL |
| Nombre personal |
Farmer, William R. |
| Término relacionador |
autor |
| 245 14 - TÍTULO |
| Título del Material |
The formation of the New Testament canon |
| Parte restante del título - Subtitulo |
: an ecumenical approach |
| Mención de responsabilidad, etc. |
/ William R. Farmer, Denis M. Farkasfalvy |
| 264 #1 - PRODUCCIÓN, PUBLICACIÓN, DISTRIBUCIÓN, MANUFACTURA, Y COPYRIGHT |
| Lugar de producción, publicación, distribución, manufactura |
New York : |
| Nombre del productor, publicador, distribuidor |
Paulist Press, |
| Fecha de producción, publicación, distribución, manufactura, o copyright |
℗[1983] |
| 264 #4 - PRODUCCIÓN, PUBLICACIÓN, DISTRIBUCIÓN, MANUFACTURA, Y COPYRIGHT |
| Fecha de producción, publicación, distribución, manufactura, o copyright |
©1983 |
| 300 ## - DESCRIPCIÓN FÍSICA |
| Extensión |
182 páginas |
| 336 ## - TIPO DE CONTENIDO |
| Fuente |
rdacontent |
| Término de tipo de contenido |
texto |
| Código de tipo de contenido |
txt |
| 337 ## - TIPO DE MEDIO |
| Fuente |
rdamedia |
| Nombre del tipo de medio |
sin mediación |
| Código del tipo de medio |
n |
| 338 ## - TIPO DE SOPORTE |
| Fuente |
rdacarrier |
| Nombre del tipo de soporte |
volumen |
| Código Tipo de soporte |
nc |
| 490 ## - MENCIÓN DE SERIE |
| Mención de serie |
Theological Inquiries |
| 500 ## - NOTA GENERAL |
| Nota General |
Incluye índice (p. 179-182) |
| 505 00 - NOTA DE CONTENIDO |
| Nota de contenido con formato preestablecido |
Un estudio del desarrollo del canon del Nuevo Testamento - El desarrollo temprano del canon del Nuevo Testamento |
| 563 ## - NOTA DE ENCUADERNACIÓN |
| Nota de encuadernación |
Rústico |
| 630 07 - TITULO UNIFORME |
| Título uniforme |
Biblia. |
| Subdivisión de materia general |
Canon |
| Nombre de parte o sección de la obra |
Nuevo Testamento |
| 650 #0 - ASIENTO SECUNDARIO DE MATERIA - TERMINO TEMÁTICO |
| 9 (RLIN) |
360 |
| Término temático o nombre geográfico como elemento de entrada |
Biblia |
| Término temático que sigue al nombre geográfico como elemento de entrada |
Evidencias, autoridad, etc. |
| 720 ## - ASIENTO SECUNDARIO - NOMBRE NO CONTROLADO |
| Nombre |
Farkasfalvy, Denis M. |
| 942 ## - TIPO DE MATERIAL (KOHA) |
| Tipo de Item KOHA |
Libros General |